Novel by Opening Lines Quiz Stats

 Plays Quiz Updated Apr 3, 2019

Score 0/16 Timer 05:00
20 Plays Today
Opening Line Book % Correct
Call me Ishmael.Moby Dick
82.4%
It was the best of times, it was the worst of times...A Tale of Two Cities
80.7%
All children, except one, grow up.The Adventures of Peter Pan
74.6%
Mr and Mrs Dursley, of number four Privet Drive, were proud to say that they were perfectly normal, thank you very much.Harry Potter and the Philosopher's Stone
73.8%
He was an old man who fished alone in a skiff in the Gulf stream and he had gone 84 days now without taking a fish.The Old Man and the Sea
66.3%
It is a truth universally acknowledged, that a single man in possession of a good fortune must be in want of a wife.Pride and Prejudice
63.8%
It was a bright cold day in April, and the clocks were striking thirteen.Nineteen Eighty-Four
61.6%
If you really want to hear about it, the first thing you'll probably want to know is where I was born and what my lousy childhood was like...The Catcher in the Rye
61.2%
Opening Line Book % Correct
It was a pleasure to burn.Fahrenheit 451
53.4%
In my younger and more vulnerable years my father gave me some advice that I've been turning over in my mind ever since.The Great Gatsby
52%
All happy families are alike; each unhappy family is unhappy in its own way.Anna Karenina
33.6%
You better not never tell nobody but God.The Color Purple
31%
In the week before their departure to Arrakis, when all the final scurrying about had reached a nearly unbearable frenzy, an old crone came Dune
21.7%
124 was spiteful.Beloved
21.3%
Through the fence, between the curling flower spaces, I could see them hitting.The Sound and the Fury
18.7%
Not so long ago, a monster came to the small town of Castle Rock, Maine.Cujo
17.1%

You're not logged in!

Compare scores with friends on all Sporcle quizzes.
OR
Log In

Sporcle TV

Today on Sporcle TV


Watch our educational content, quiz creation guides, and fun videos on Sporcle TV.

Show Comments

Extras

Top Quizzes Today


Score Distribution

Your Account Isn't Verified!

In order to create a playlist on Sporcle, you need to verify the email address you used during registration. Go to your Sporcle Settings to finish the process.

Report this User

Report this user for behavior that violates our Community Guidelines.

Details: